| 000 | 00592nam a2200193 a 4500 | ||
|---|---|---|---|
| 001 | 000039768 | ||
| 005 | 20201002033726.0 | ||
| 008 | 130718s2007 mx 000 0 spa d | ||
| 020 | _a968121286X | ||
| 040 |
_aDO-SdBNP _bspa _cBNPHU |
||
| 082 | _axxx | ||
| 100 | 1 |
_aFrenk, Margit _965962 |
|
| 245 | 1 | 0 |
_aDel siglo de oro español / _cMargit Frenk ; presentación Aurelio González. |
| 260 |
_aMéxico : _bEl Colegio de México, _c2007. |
||
| 300 |
_a158 p. ; _c22 cm. |
||
| 490 | 1 |
_aTrabajos reunidos _v5 |
|
| 700 | 1 |
_aGonzález, Aurelio, _epr. _965963 |
|
| 830 | 0 |
_aTrabajos reunidos _v5 _965964 |
|
| 999 |
_c39258 _d39258 |
||